00250nam a2200121Ia 45000030006000000080041000060400015000471000009000622450019000712600009000905460012000990050017001110STCL150530s9999 xx 000 0 und d aSTCLcSTCL aShaw aShaw pygmalion c1983 aEnglish20220125171008.0